00204nam a2200097Ia 450000500170000000800410001704100080005824500230006626000090008930000080009820251013221644.0251010s9999 xx 000 0 und d aeng aTranslation Series c1928 a119